| 000 | 00817nam a2200277 a 4500 | ||
|---|---|---|---|
| 003 | AR-BaBNM | ||
| 005 | 20251128205300.0 | ||
| 008 | 082120s2002 ||||||||||||||000 | spa|| | ||
| 020 | _a92-3-202934-0 | ||
| 040 | _cAR-BaBNM | ||
| 100 | 1 | _aAinscow, Mel | |
| 245 | 0 | 0 |
_aLes besoins éducatifs spéciaux en classe _bguide pour la formation des enseignants |
| 260 |
_aParís _bUnesco _c1996 |
||
| 300 |
_a219 p. _btablas |
||
| 490 | 0 | _aLa bibliothèque de l'enseignant | |
| 500 | _aContiene referencias bibliográficas | ||
| 650 | 4 | _aEDUCACION ESPECIAL | |
| 650 | 4 | _aFORMACION DE DOCENTES | |
| 650 | 4 | _aFORMACION DE DOCENTES | |
| 650 | 4 | _aMETODOS DE ENSEÑANZA | |
| 653 | _aEDUCACION INICIAL | ||
| 653 | _aINNOVACIONES EDUCATIVAS | ||
| 700 | 1 |
_aSaleh, Lena _eprologuista |
|
| 942 | _cBK | ||
| 998 | _cSILVI | ||
| 999 |
_c10718 _d10718 |
||